000 00665nas a2200241 4500
001 BR8900923
003 BR-BrBNA
005 20231205091449.0
007 ta
008 230509b bl.|||p| |||| 00| 00por d
040 _aBR-BrBNA
_bpor
_cBiblioteca Nacional de Agricultura
041 _a(Pt)
072 _aF01; P01
100 1 _aNovaes, V.
245 1 _aPalmito: ele pode sumir do mapa
650 _aPALMITO
650 _aACAI
650 _aPRESERVACAO DA NATUREZA
650 _aEXTRACAO
773 0 _tManchete Rural (Brazil)
_xISSN 0102-8901
_g(Aug 1988), v. 2(17) p. 12-15
_wBR8900923
909 _a202311
_bLúcia
_c55
_dLúcia Elande
942 _2AGRIS
_n0
_cANA
999 _c125258
_d125258